000
00262nam a2200109Ia 4500
008
240625s9999 xx 000 0 und d
041
_a
eng
082
_a
650.072 SEK
100
_a
SEKARAN UMA
245
_a
RESEARCH METHODS FOR BUSINESS A SKILL BU
260
_c
2010
999
_c
40030
_d
40030